[Event "34. Copenhagen Open (Politiken Cup)"]
[Site "Elsinore"]
[Date "2012.07.29"]
[Round "3"]
[White "Larsen, Ulrik Jejlskov"]
[Black "Maechel, Michael"]
[Result "1-0"]
[WhiteElo "2010"]
[BlackElo "1754"]
[PlyCount "49"]
[EventDate "2012.07.28"]
[EventType "swiss"]
[EventRounds "10"]
[EventCountry "DEN"]
[Source "ChessBase"]
[SourceDate "2012.08.24"]

1. e4 d5 2. exd5 Qxd5 3. Nc3 Qa5 4. d4 c6 5. Nf3 Nf6 6. Bc4 Bf5 7. Bd2 Qc7 8.
Qe2 e6 9. O-O-O Be7 10. Ne5 O-O 11. g4 Bg6 12. h4 h6 13. Nxg6 fxg6 14. Qxe6+
Kh7 15. g5 Nh5 16. Bd3 Nf4 17. Bxf4 Qxf4+ 18. Kb1 Qf7 19. Qe2 Nd7 20. h5 Kh8
21. hxg6 Qe8 22. gxh6 Bg5 23. hxg7+ Kxg7 24. Rh7+ Kf6 25. Ne4+ 1-0

[Event "34. Copenhagen Open (Politiken Cup)"]
[Site "Elsinore"]
[Date "2012.07.29"]
[Round "3"]
[White "Leutwyler, Martin"]
[Black "Svane, Rasmus"]
[Result "0-1"]
[WhiteElo "2190"]
[BlackElo "2367"]
[PlyCount "42"]
[EventDate "2012.07.28"]
[EventType "swiss"]
[EventRounds "10"]
[EventCountry "DEN"]
[Source "ChessBase"]
[SourceDate "2012.08.24"]

1. d4 d5 2. Nf3 Nf6 3. c4 e6 4. g3 Bb4+ 5. Bd2 Be7 6. Bg2 O-O 7. O-O c6 8. Qc2
Nbd7 9. Bf4 b6 10. Rd1 Bb7 11. b3 Rc8 12. Nc3 c5 13. dxc5 Rxc5 14. Ne5 Nxe5 15.
Bxe5 Qa8 16. cxd5 Nxd5 17. Bd4 Rcc8 18. Bxd5 Bxd5 19. Qb2 Bb7 20. Bxg7 Kxg7 21.
Rd7 Bf6 0-1

[Event "34. Copenhagen Open (Politiken Cup)"]
[Site "Elsinore"]
[Date "2012.07.29"]
[Round "3"]
[White "Maagaard, David Bille"]
[Black "Larsen, Mikael"]
[Result "0-1"]
[WhiteElo "1843"]
[BlackElo "2067"]
[PlyCount "40"]
[EventDate "2012.07.28"]
[EventType "swiss"]
[EventRounds "10"]
[EventCountry "DEN"]
[Source "ChessBase"]
[SourceDate "2012.08.24"]

1. d4 Nf6 2. c4 e6 3. Nc3 Bb4 4. Bd2 O-O 5. Nf3 b6 6. Qc2 Bb7 7. e3 c5 8. a3
Ba5 9. Bd3 d5 10. Rb1 cxd4 11. b4 Bxb4 12. axb4 dxc3 13. Qxc3 dxc4 14. Qxc4
Nbd7 15. Rd1 Bxf3 16. gxf3 Ne5 17. Bxh7+ Nxh7 18. Qe4 Ng5 19. Bc3 Nxe4 20. Rxd8
Nxf3+ 0-1

[Event "34. Copenhagen Open (Politiken Cup)"]
[Site "Elsinore"]
[Date "2012.07.29"]
[Round "3"]
[White "Madsen, Svend Aage"]
[Black "Stolberg Rohr, Thomine"]
[Result "0-1"]
[WhiteElo "2074"]
[BlackElo "1991"]
[PlyCount "84"]
[EventDate "2012.07.28"]
[EventType "swiss"]
[EventRounds "10"]
[EventCountry "DEN"]
[Source "ChessBase"]
[SourceDate "2012.08.24"]

1. d4 g6 2. c4 Bg7 3. Nc3 d6 4. e4 e5 5. d5 Ne7 6. Bd3 O-O 7. Be3 Nd7 8. Qc2 f5
9. f3 Nf6 10. O-O-O fxe4 11. Nxe4 Nf5 12. Bf2 Nxe4 13. Bxe4 Qg5+ 14. Kb1 Qxg2
15. f4 Qg4 16. Ne2 Nd4 17. Nxd4 exd4 18. Rhg1 Qxf4 19. Bxd4 Qxe4 20. Qxe4 Bf5
21. Qxf5 Rxf5 22. Bxg7 Kxg7 23. Rde1 Raf8 24. Rg2 Rf1 25. Rxf1 Rxf1+ 26. Kc2
Rf5 27. Re2 Kf7 28. Kb3 g5 29. Kb4 g4 30. a4 h5 31. a5 a6 32. Kc3 h4 33. b4 g3
34. hxg3 hxg3 35. Kd3 Rg5 36. Rg2 Kf6 37. Ke4 Rg4+ 38. Kd3 Ke5 39. Re2+ Kf5 40.
Rg2 Kf4 41. b5 Kf3 42. Re2 Rd4+ 0-1

[Event "34. Copenhagen Open (Politiken Cup)"]
[Site "Elsinore"]
[Date "2012.07.29"]
[Round "3"]
[White "Marder, Simon"]
[Black "Jorgensen, Dennis"]
[Result "0-1"]
[WhiteElo "2013"]
[BlackElo "2231"]
[PlyCount "102"]
[EventDate "2012.07.28"]
[EventType "swiss"]
[EventRounds "10"]
[EventCountry "DEN"]
[Source "ChessBase"]
[SourceDate "2012.08.24"]

1. d4 d5 2. Nc3 c6 3. e4 dxe4 4. Bc4 Nf6 5. f3 b5 6. Bb3 e6 7. Nh3 Nbd7 8. O-O
e3 9. Bxe3 Be7 10. Ne4 Nb6 11. c3 Nfd5 12. Qd2 O-O 13. f4 a5 14. a3 Rb8 15.
Rae1 Nc4 16. Bxc4 bxc4 17. Qc2 f5 18. Neg5 c5 19. Nf3 Qb6 20. Bc1 Rd8 21. Kh1
Bf6 22. Ne5 Ba6 23. dxc5 Qxc5 24. Ng5 Bxg5 25. fxg5 Rbc8 26. Nf3 Re8 27. Nd4
Qb6 28. Qd1 Bb7 29. Re5 Nc7 30. Rfe1 Bd5 31. Nxf5 Bxg2+ 32. Kxg2 Qc6+ 33. Qf3
Qxf3+ 34. Kxf3 exf5 35. Bf4 g6 36. Rxe8+ Rxe8 37. Rxe8+ Nxe8 38. Ke3 Ng7 39.
Bc7 a4 40. Be5 Ne6 41. h4 Kf7 42. Bd6 Ke8 43. Bb4 Kd7 44. Kf3 Kc6 45. Ke3 Kd5
46. Be7 Nc5 47. h5 Nd3 48. hxg6 hxg6 49. b4 axb3 50. Kd2 Nc5 51. a4 Ne4+ 0-1

[Event "34. Copenhagen Open (Politiken Cup)"]
[Site "Elsinore"]
[Date "2012.07.29"]
[Round "3"]
[White "Marttala, Thomas"]
[Black "Hector, Jonny"]
[Result "0-1"]
[WhiteElo "2193"]
[BlackElo "2530"]
[PlyCount "121"]
[EventDate "2012.07.28"]
[EventType "swiss"]
[EventRounds "10"]
[EventCountry "DEN"]
[Source "ChessBase"]
[SourceDate "2012.08.24"]

1. e4 e5 2. Nf3 Nc6 3. Bb5 a6 4. Ba4 Nf6 5. d3 d6 6. c3 g6 7. Nbd2 Bg7 8. Nf1
O-O 9. Ne3 Ne7 10. Bc2 Nh5 11. d4 Bd7 12. dxe5 dxe5 13. b3 Qe8 14. Ba3 Rd8 15.
Qb1 Bc6 16. c4 f5 17. O-O Nf4 18. Kh1 h6 19. Nd5 Bxd5 20. cxd5 fxe4 21. Bxe4
Nfxd5 22. Bb2 Nf5 23. Qc2 c6 24. Rfe1 Qe6 25. Qc4 Nd6 26. Qc5 Nxe4 27. Rxe4
Rxf3 28. gxf3 Qh3 29. Re3 Nxe3 30. Qxe3 Qf5 31. Kg2 Rd3 32. Qe4 Qxe4 33. fxe4
Kf7 34. Ba3 b6 35. Rc1 c5 36. Rc2 Ke6 37. Bc1 g5 38. Be3 a5 39. Kf3 Rd1 40. Kg2
Bf6 41. h3 Be7 42. h4 gxh4 43. Bxh6 Rd4 44. f3 a4 45. bxa4 Rxa4 46. Rb2 Ra6 47.
Be3 Bd8 48. Rd2 Ra8 49. f4 exf4 50. Bxf4 Be7 51. Rb2 Ra6 52. Bc7 Kd7 53. Bf4
Kc6 54. Kf3 Ra4 55. Be5 b5 56. Rg2 b4 57. Rg7 Ra7 58. Kg4 c4 59. Kf5 c3 60. Rg2
Kb5 61. Bd4 0-1

[Event "34. Copenhagen Open (Politiken Cup)"]
[Site "Elsinore"]
[Date "2012.07.29"]
[Round "3"]
[White "Merkesvik, Sondre"]
[Black "Schlecht, Daniel"]
[Result "1/2-1/2"]
[WhiteElo "1892"]
[BlackElo "2379"]
[PlyCount "26"]
[EventDate "2012.07.28"]
[EventType "swiss"]
[EventRounds "10"]
[EventCountry "DEN"]
[Source "ChessBase"]
[SourceDate "2012.08.24"]

1. e4 e6 2. d4 d5 3. exd5 exd5 4. Bd3 Nc6 5. c3 Bd6 6. Nf3 Nge7 7. O-O Bg4 8.
Be3 Qd7 9. Nbd2 f5 10. h3 Bh5 11. Bg5 O-O 12. Bxe7 Bxe7 13. Qc2 Bxf3 1/2-1/2

[Event "34. Copenhagen Open (Politiken Cup)"]
[Site "Elsinore"]
[Date "2012.07.29"]
[Round "3"]
[White "Molin, Claus"]
[Black "Petersen, Tom Petri"]
[Result "0-1"]
[WhiteElo "1993"]
[BlackElo "2360"]
[PlyCount "62"]
[EventDate "2012.07.28"]
[EventType "swiss"]
[EventRounds "10"]
[EventCountry "DEN"]
[Source "ChessBase"]
[SourceDate "2012.08.24"]

1. Nf3 g6 2. d4 Nf6 3. Nc3 d5 4. Bg5 Bg7 5. e3 O-O 6. Be2 c6 7. Ne5 Ne8 8. Nd3
Nd6 9. Nb1 Nd7 10. Nd2 f6 11. Bh4 Nf5 12. Bg3 Nxg3 13. hxg3 e5 14. c3 Qe7 15.
Qb3 Re8 16. Qb4 Nf8 17. Qxe7 Rxe7 18. Rc1 Ne6 19. Nb3 b6 20. Bg4 h5 21. Bxe6+
Bxe6 22. O-O a5 23. Ne1 Bc8 24. Nf3 e4 25. Nfd2 a4 26. Na1 c5 27. Nc2 Ba6 28.
Rfe1 f5 29. c4 dxc4 30. Na3 cxd4 31. Naxc4 Rd8 0-1

[Event "34. Copenhagen Open (Politiken Cup)"]
[Site "Elsinore"]
[Date "2012.07.29"]
[Round "3"]
[White "Nielsen, Aage Sondergaard"]
[Black "Larsen, Karsten"]
[Result "0-1"]
[WhiteElo "1957"]
[BlackElo "2331"]
[PlyCount "90"]
[EventDate "2012.07.28"]
[EventType "swiss"]
[EventRounds "10"]
[EventCountry "DEN"]
[Source "ChessBase"]
[SourceDate "2012.08.24"]

1. e4 g6 2. d4 c6 3. Bd3 d5 4. Ne2 dxe4 5. Bxe4 Nf6 6. Bd3 Bf5 7. c3 Bxd3 8.
Qxd3 Bg7 9. O-O O-O 10. Qh3 Qd7 11. Qh4 Qg4 12. Qxg4 Nxg4 13. h3 Nf6 14. Bf4
Nbd7 15. Nd2 Nd5 16. Bh2 e5 17. Nc4 exd4 18. Nxd4 Bxd4 19. cxd4 a5 20. Rac1
Rfd8 21. Rfd1 Nf8 22. Kf1 Ne6 23. Ne3 f6 24. a3 Rd7 25. Rc2 Nb6 26. Ng4 Kf7 27.
Bg1 Rad8 28. f3 h5 29. Nh2 c5 30. d5 Rxd5 31. Rxd5 Rxd5 32. Be3 Nd7 33. Ke2 Ne5
34. f4 Nd3 35. g3 h4 36. f5 gxf5 37. gxh4 a4 38. Kf1 b5 39. Nf3 f4 40. Bd2 Ne5
41. Nxe5+ fxe5 42. Bc3 Kf6 43. Rg2 Rd8 44. h5 Kf5 45. Re2 Nd4 0-1

[Event "34. Copenhagen Open (Politiken Cup)"]
[Site "Elsinore"]
[Date "2012.07.29"]
[Round "3"]
[White "Nielsen, Kai Gylling"]
[Black "Eriksson, Kristian"]
[Result "1/2-1/2"]
[WhiteElo "1888"]
[BlackElo "2082"]
[PlyCount "93"]
[EventDate "2012.07.28"]
[EventType "swiss"]
[EventRounds "10"]
[EventCountry "DEN"]
[Source "ChessBase"]
[SourceDate "2012.08.24"]

1. Nf3 Nf6 2. c4 e6 3. Nc3 Bb4 4. g3 b6 5. a3 Bxc3 6. bxc3 Bb7 7. Bg2 O-O 8.
O-O c5 9. Qc2 d6 10. Rb1 Nc6 11. d3 h6 12. Bd2 Rc8 13. e4 Re8 14. Rfe1 Ba8 15.
Nh4 Qd7 16. f4 d5 17. e5 Nh7 18. cxd5 exd5 19. Nf3 d4 20. c4 Nf8 21. a4 Ne7 22.
a5 Rb8 23. axb6 axb6 24. Rb2 Bc6 25. Reb1 Qa7 26. Nh4 Bxg2 27. Nxg2 Qc7 28. Qd1
Nd7 29. Qg4 Kh7 30. Nh4 Qc6 31. Nf5 Nxf5 32. Qxf5+ Kg8 33. Qg4 f6 34. exf6 Nxf6
35. Qh3 Re2 36. Ba5 Rxb2 37. Rxb2 Nd7 38. Bd2 Re8 39. Qf1 Re6 40. Bc1 Nf6 41.
h3 Nh5 42. Kf2 Qe8 43. g4 Nxf4 44. Bxf4 g5 45. Re2 gxf4 46. Rxe6 Qxe6 47. Kg2
1/2-1/2

[Event "34. Copenhagen Open (Politiken Cup)"]
[Site "Elsinore"]
[Date "2012.07.29"]
[Round "3"]
[White "Nielsen, Leo"]
[Black "Nielsen, Bjorn"]
[Result "1-0"]
[WhiteElo "1739"]
[BlackElo "1534"]
[PlyCount "101"]
[EventDate "2012.07.28"]
[EventType "swiss"]
[EventRounds "10"]
[EventCountry "DEN"]
[Source "ChessBase"]
[SourceDate "2012.08.24"]

1. e4 e5 2. Nf3 Nc6 3. d4 exd4 4. Nxd4 Bc5 5. Nxc6 dxc6 6. Qxd8+ Kxd8 7. Bc4
Nf6 8. Bg5 Be7 9. Nc3 h6 10. Bxf6 Bxf6 11. O-O-O+ Ke7 12. Ne2 g5 13. g3 Be6 14.
Bxe6 Kxe6 15. Rd3 Rad8 16. Rhd1 Rxd3 17. Rxd3 Rd8 18. Rxd8 Bxd8 19. f4 c5 20.
Kd2 f5 21. Kd3 fxe4+ 22. Kxe4 c6 23. c4 g4 24. f5+ Kf6 25. Nf4 Ba5 26. Ne6 Bb6
27. b3 a5 28. a4 h5 29. Nf4 h4 30. gxh4 Bc7 31. h5 Be5 32. h6 Bd4 33. h7 Kg7
34. Ne6+ Kxh7 35. Nxd4 cxd4 36. Kxd4 b6 37. Ke5 Kg7 38. Kf4 Kf6 39. Kxg4 Kf7
40. Kg5 Kg7 41. h4 Kf7 42. h5 Kg7 43. h6+ Kg8 44. Kf6 Kh7 45. Ke7 b5 46. f6 c5
47. axb5 Kxh6 48. f7 Kh7 49. f8=Q a4 50. Kf7 axb3 51. Qg7# 1-0

[Event "34. Copenhagen Open (Politiken Cup)"]
[Site "Elsinore"]
[Date "2012.07.29"]
[Round "3"]
[White "Nilsson, Patrik1"]
[Black "Hoel, Jorgen"]
[Result "1-0"]
[WhiteElo "2078"]
[BlackElo "1848"]
[PlyCount "73"]
[EventDate "2012.07.28"]
[EventType "swiss"]
[EventRounds "10"]
[EventCountry "DEN"]
[Source "ChessBase"]
[SourceDate "2012.08.24"]

1. e4 c5 2. Nf3 g6 3. d4 cxd4 4. Nxd4 Nc6 5. Nc3 Bg7 6. Be3 Nf6 7. Bc4 O-O 8.
Bb3 Ng4 9. Qxg4 Nxd4 10. Qd1 Nxb3 11. axb3 a6 12. Qd2 d6 13. Bh6 Be6 14. h4
Bxh6 15. Qxh6 f5 16. O-O-O Rc8 17. h5 Qe8 18. Nd5 Bxd5 19. Rxd5 Rc5 20. Rh3
Rxd5 21. exd5 g5 22. Qxg5+ Kh8 23. Rg3 Qf7 24. h6 Rc8 25. Qg7+ Qxg7 26. Rxg7
Rg8 27. Rxg8+ Kxg8 28. Kd2 Kf7 29. Ke3 e5 30. dxe6+ Kxe6 31. Kd4 b6 32. b4 d5
33. b3 Kd6 34. g3 Ke6 35. f3 b5 36. f4 Kd6 37. c3 1-0

[Event "34. Copenhagen Open (Politiken Cup)"]
[Site "Elsinore"]
[Date "2012.07.29"]
[Round "3"]
[White "Okland, Sveinung"]
[Black "Hagen, Thorolf"]
[Result "1/2-1/2"]
[WhiteElo "1846"]
[BlackElo "1641"]
[PlyCount "90"]
[EventDate "2012.07.28"]
[EventType "swiss"]
[EventRounds "10"]
[EventCountry "DEN"]
[Source "ChessBase"]
[SourceDate "2012.08.24"]

1. d4 Nf6 2. f3 e6 3. Bg5 d5 4. e4 Be7 5. Nc3 c6 6. Qd2 h6 7. Be3 dxe4 8. Nxe4
Nd5 9. O-O-O Nxe3 10. Qxe3 Qc7 11. f4 Nd7 12. Nf3 Nf6 13. Nxf6+ Bxf6 14. g4 Bd7
15. Ne5 Bxe5 16. dxe5 Qa5 17. a3 O-O-O 18. Bg2 Kb8 19. h4 Bc8 20. b4 Qc7 21.
Qc5 Rhe8 22. Rd6 Qb6 23. Rhd1 Qxc5 24. bxc5 Kc7 25. g5 h5 26. Kb2 Rxd6 27.
cxd6+ Kd7 28. Rd4 b5 29. a4 c5 30. Rd1 Ba6 31. Ra1 b4 32. c3 Rb8 33. Re1 bxc3+
34. Kxc3 Rb4 35. g6 Rxf4 36. gxf7 Rxf7 37. Be4 Rf4 38. Rg1 Rg4 39. Rxg4 hxg4
40. Kd2 Bc4 41. a5 Bd5 42. Bc2 c4 43. Ke3 g3 44. Ke2 g2 45. Kf2 c3 1/2-1/2

[Event "34. Copenhagen Open (Politiken Cup)"]
[Site "Elsinore"]
[Date "2012.07.29"]
[Round "3"]
[White "Pedersen, Jan Kaas"]
[Black "Madison, Sigurd"]
[Result "1-0"]
[WhiteElo "2044"]
[BlackElo "1799"]
[PlyCount "73"]
[EventDate "2012.07.28"]
[EventType "swiss"]
[EventRounds "10"]
[EventCountry "DEN"]
[Source "ChessBase"]
[SourceDate "2012.08.24"]

1. d4 d5 2. Nf3 Nf6 3. Bg5 e6 4. e3 Be7 5. Nbd2 Nbd7 6. Bd3 c6 7. c3 O-O 8. Qc2
Re8 9. h4 Qc7 10. e4 dxe4 11. Nxe4 Nxe4 12. Bxe4 f5 13. Bd3 c5 14. O-O c4 15.
Be2 Bd6 16. b3 cxb3 17. axb3 f4 18. Rac1 b6 19. h5 Bb7 20. Bh4 Nf6 21. h6 Rac8
22. c4 e5 23. dxe5 Bxe5 24. Nxe5 Rxe5 25. f3 Nh5 26. Bd3 gxh6 27. Rfe1 Rce8 28.
Rxe5 Rxe5 29. Re1 Qc5+ 30. Kh2 Rxe1 31. Bxh7+ Kf8 32. Bxe1 Ng3 33. Qg6 Nf1+ 34.
Kh3 Bc8+ 35. Kh4 Qe7+ 36. Kh5 Qg7 37. Bb4+ 1-0

[Event "34. Copenhagen Open (Politiken Cup)"]
[Site "Elsinore"]
[Date "2012.07.29"]
[Round "3"]
[White "Petersen, Peter Birk"]
[Black "Aagaard, Jacob"]
[Result "0-1"]
[WhiteElo "2155"]
[BlackElo "2506"]
[PlyCount "62"]
[EventDate "2012.07.28"]
[EventType "swiss"]
[EventRounds "10"]
[EventCountry "DEN"]
[Source "ChessBase"]
[SourceDate "2012.08.24"]

1. e4 c5 2. Nf3 d6 3. d4 cxd4 4. Nxd4 Nf6 5. Nc3 e6 6. Be2 Be7 7. O-O a6 8. f4
Qc7 9. Kh1 O-O 10. Be3 b5 11. Bf3 Bb7 12. e5 dxe5 13. fxe5 Nfd7 14. Bf4 b4 15.
Nce2 Rd8 16. Qe1 Bxf3 17. Nxf3 Qxc2 18. Bg5 Bxg5 19. Nxg5 Rf8 20. Nf4 h6 21.
Rc1 Qxb2 22. Qe4 hxg5 23. Nd3 Qa3 24. Rf3 Nc6 25. Rxc6 Rac8 26. h3 b3 27. Rxc8
bxa2 28. Rxf8+ Kxf8 29. Rf1 a1=Q 30. Rxa1 Qxa1+ 31. Kh2 Qc3 0-1

[Event "34. Copenhagen Open (Politiken Cup)"]
[Site "Elsinore"]
[Date "2012.07.29"]
[Round "3"]
[White "Philipsen, William Horup"]
[Black "Clementsson, Jan"]
[Result "0-1"]
[WhiteElo "1905"]
[BlackElo "2115"]
[PlyCount "56"]
[EventDate "2012.07.28"]
[EventType "swiss"]
[EventRounds "10"]
[EventCountry "DEN"]
[Source "ChessBase"]
[SourceDate "2012.08.24"]

1. e4 Nc6 2. d4 d5 3. Nc3 e6 4. e5 f6 5. Bd3 Nxd4 6. Qh5+ Kd7 7. Be3 fxe5 8.
O-O-O Bd6 9. Qg4 c6 10. Qxg7+ Ne7 11. Bxh7 Kc7 12. Bxd4 exd4 13. Rxd4 Bd7 14.
Nf3 Qf8 15. Rg4 e5 16. Qxf8 Raxf8 17. Rg7 e4 18. Bxe4 dxe4 19. Nxe4 Bf4+ 20.
Kb1 Nf5 21. Rg4 Nd6 22. Rxf4 Rxf4 23. Nxd6 Kxd6 24. Rd1+ Kc7 25. Ne5 Bf5 26.
Nf3 Bg4 27. Rd4 Rxd4 28. Nxd4 Rxh2 0-1

[Event "34. Copenhagen Open (Politiken Cup)"]
[Site "Elsinore"]
[Date "2012.07.29"]
[Round "3"]
[White "Portisch, Lajos"]
[Black "Nilsen, Joachim Birger"]
[Result "0-1"]
[WhiteElo "2520"]
[BlackElo "2215"]
[PlyCount "104"]
[EventDate "2012.07.28"]
[EventType "swiss"]
[EventRounds "10"]
[EventCountry "DEN"]
[Source "ChessBase"]
[SourceDate "2012.08.24"]

1. d4 Nf6 2. c4 g6 3. Nc3 Bg7 4. e4 d6 5. f3 O-O 6. Be3 Nc6 7. Nge2 Re8 8. Qd2
a6 9. Rc1 Rb8 10. Nd1 Bd7 11. g3 b5 12. c5 dxc5 13. Rxc5 e5 14. d5 Ne7 15. Qc1
Rb7 16. Bg2 Nc8 17. O-O Nd6 18. b3 b4 19. Nf2 Bb5 20. Qd2 Nd7 21. Rc2 f5 22.
Re1 Rf8 23. Nh3 fxe4 24. fxe4 Nf6 25. Nf2 Qd7 26. Nc1 Ng4 27. Ncd3 Nxf2 28.
Nxf2 Kh8 29. Qc1 a5 30. Bg5 Ne8 31. Bh3 Qd6 32. Rd1 Bf6 33. Be3 Qd8 34. a4 bxa3
35. Qxa3 Be7 36. Qa1 Bd6 37. Ng4 Qe7 38. Qxa5 h5 39. Nf2 Rf3 40. Bd2 Bc5 41.
Be1 Rxb3 42. Qa2 Ra3 43. Qb1 Ba4 44. Qxb7 Bxc2 45. Rc1 Bxe4 46. Qb8 Kh7 47. Bf1
Nf6 48. Bb4 Bxf2+ 49. Kxf2 Qf7 50. Kg1 Ra2 51. Qxc7 Nd7 52. Bc5 Qf3 0-1

[Event "34. Copenhagen Open (Politiken Cup)"]
[Site "Elsinore"]
[Date "2012.07.29"]
[Round "3"]
[White "Poulsen, Iver"]
[Black "Satre, Roger"]
[Result "0-1"]
[WhiteElo "2081"]
[BlackElo "1866"]
[PlyCount "40"]
[EventDate "2012.07.28"]
[EventType "swiss"]
[EventRounds "10"]
[EventCountry "DEN"]
[Source "ChessBase"]
[SourceDate "2012.08.24"]

1. e4 e6 2. d4 d5 3. Nc3 Bb4 4. e5 c5 5. Qg4 Ne7 6. dxc5 Qa5 7. Bd2 O-O 8. Nf3
Nbc6 9. Bd3 Ng6 10. Qh5 Nce7 11. Ng5 h6 12. Nxf7 Kxf7 13. O-O Bd7 14. f4 Qxc5+
15. Kh1 Be8 16. Rf3 Kg8 17. Rg3 Kh7 18. Rb1 Nf5 19. Rg5 Nxf4 20. Rxf5 Nxd3 0-1

[Event "34. Copenhagen Open (Politiken Cup)"]
[Site "Elsinore"]
[Date "2012.07.29"]
[Round "3"]
[White "Randlov, Carsten"]
[Black "Nielsen, Klaus"]
[Result "0-1"]
[WhiteElo "1860"]
[BlackElo "2069"]
[PlyCount "82"]
[EventDate "2012.07.28"]
[EventType "swiss"]
[EventRounds "10"]
[EventCountry "DEN"]
[Source "ChessBase"]
[SourceDate "2012.08.24"]

1. c4 e5 2. Nc3 Nc6 3. g3 Nf6 4. Bg2 Be7 5. e3 O-O 6. Nge2 d6 7. d4 exd4 8.
exd4 Bf5 9. a3 Qd7 10. O-O Bh3 11. b3 Bxg2 12. Kxg2 d5 13. c5 Rad8 14. Qc2 Rfe8
15. Rd1 h6 16. Nf4 Bf8 17. h3 g5 18. Nfe2 Bg7 19. Be3 Ne4 20. g4 f5 21. Nxe4
fxe4 22. Ng3 Ne7 23. Qe2 Rf8 24. Rh1 Rf3 25. Rag1 Rdf8 26. Kf1 b6 27. Nh5 bxc5
28. Nxg7 Kxg7 29. h4 Nc6 30. hxg5 hxg5 31. Qd2 cxd4 32. Bxd4+ Nxd4 33. Qxd4+
Kg6 34. Rh2 Qb5+ 35. Ke1 Qxb3 36. Rgh1 Qb1+ 37. Qd1 Qxd1+ 38. Kxd1 Rxa3 39.
Rh6+ Kg7 40. Rh7+ Kf6 41. Ke2 c5 0-1

[Event "34. Copenhagen Open (Politiken Cup)"]
[Site "Elsinore"]
[Date "2012.07.29"]
[Round "3"]
[White "Rasmussen, Allan Stig"]
[Black "Johansson, Anders"]
[Result "1-0"]
[WhiteElo "2496"]
[BlackElo "2029"]
[PlyCount "59"]
[EventDate "2012.07.28"]
[EventType "swiss"]
[EventRounds "10"]
[EventCountry "DEN"]
[Source "ChessBase"]
[SourceDate "2012.08.24"]

1. e4 d5 2. exd5 Qxd5 3. Nc3 Qa5 4. d4 Nf6 5. Bc4 c6 6. Bd2 Bf5 7. Qe2 e6 8. d5
cxd5 9. Nxd5 Qd8 10. Nxf6+ Qxf6 11. O-O-O Nc6 12. g4 Bg6 13. Nf3 Bd6 14. Kb1
Bxc2+ 15. Kxc2 Qxf3 16. Qxf3 Nd4+ 17. Kb1 Nxf3 18. Bc3 Ke7 19. Be2 Nh4 20. Bxg7
Rhd8 21. g5 Rdc8 22. Bf6+ Kd7 23. Be5 Nf5 24. Rxd6+ Nxd6 25. Rd1 Rc5 26. Rxd6+
Ke7 27. f4 Rac8 28. Rd1 Ke8 29. Bf3 b6 30. Be4 1-0

[Event "34. Copenhagen Open (Politiken Cup)"]
[Site "Elsinore"]
[Date "2012.07.29"]
[Round "3"]
[White "Rasmussen, Jonas H"]
[Black "Pettersen, Joar Gullestad"]
[Result "0-1"]
[WhiteElo "1673"]
[BlackElo "2007"]
[PlyCount "158"]
[EventDate "2012.07.28"]
[EventType "swiss"]
[EventRounds "10"]
[EventCountry "DEN"]
[Source "ChessBase"]
[SourceDate "2012.08.24"]

1. e4 e6 2. d4 d5 3. exd5 exd5 4. Nf3 Bd6 5. Bd3 Ne7 6. O-O Bf5 7. Bxf5 Nxf5 8.
Re1+ Ne7 9. Nc3 O-O 10. Bg5 f6 11. Be3 c6 12. Qe2 Qc7 13. Bd2 Nd7 14. Na4 b5
15. Nc3 Ng6 16. a3 Rf7 17. Qe6 Ndf8 18. Qf5 Qd7 19. Qxd7 Nxd7 20. Re2 Re7 21.
Rae1 Kf7 22. Rxe7+ Nxe7 23. Ne2 g5 24. h3 a5 25. c3 a4 26. Ng3 Nb6 27. Bc1 Nc4
28. Nd2 Bxg3 29. fxg3 h6 30. Nxc4 bxc4 31. Kf2 Nf5 32. g4 Nd6 33. Kf3 Rb8 34.
g3 Ne4 35. Re2 Rb3 36. Re3 Rb7 37. Re1 Rb8 38. Re2 Re8 39. Re3 Ke6 40. Ke2 Kd6
41. Kf3 Rf8 42. Kg2 Rf7 43. Rf3 Re7 44. Re3 Rb7 45. Re2 Rb8 46. Re3 Ke7 47. Re2
Kf7 48. Kf3 Nd6 49. Re1 Nb7 50. h4 Na5 51. hxg5 hxg5 52. Rh1 Nb3 53. Be3 Kg7
54. Kf2 Re8 55. Re1 Rh8 56. Kg2 Na5 57. Rh1 Re8 58. Re1 Rh8 59. Rh1 Rb8 60. Bc1
Re8 61. Kf3 Nb7 62. Be3 Nd6 63. Re1 Rb8 64. Bc1 Ne4 65. Re3 Kg8 66. Re1 Kg7 67.
Kg2 Rb7 68. Kf3 Rb3 69. Re3 Kf7 70. Kg2 c5 71. dxc5 Nxc5 72. Kf3 Rb8 73. Ke2
Rh8 74. Rf3 Rh2+ 75. Kd1 Ne4 76. Rf5 Ke6 77. Rf3 Nf2+ 78. Kc2 Nd3+ 79. Bd2 Ne1+
0-1

[Event "34. Copenhagen Open (Politiken Cup)"]
[Site "Elsinore"]
[Date "2012.07.29"]
[Round "3"]
[White "Rasmussen, Morten Fredsgaard"]
[Black "Lilja, Richard"]
[Result "1-0"]
[WhiteElo "1916"]
[BlackElo "2136"]
[PlyCount "93"]
[EventDate "2012.07.28"]
[EventType "swiss"]
[EventRounds "10"]
[EventCountry "DEN"]
[Source "ChessBase"]
[SourceDate "2012.08.24"]

1. d4 d6 2. Nf3 g6 3. Bg5 Bg7 4. e4 c5 5. c3 Qb6 6. Qb3 Qxb3 7. axb3 Bg4 8.
Nbd2 h6 9. Be3 cxd4 10. Nxd4 a6 11. Nb5 Kd7 12. Nc4 axb5 13. Nb6+ Kc6 14. Rxa8
Na6 15. Nc8 b4 16. Na7+ Kc7 17. Nb5+ Kd7 18. Nd4 bxc3 19. bxc3 Nc5 20. Bb5+ Kc7
21. f3 Be6 22. b4 Nd7 23. Nxe6+ fxe6 24. Bd4 e5 25. Be3 Nb8 26. Ba7 Nc6 27. Be3
Nb8 28. Kd2 Nf6 29. Rha1 d5 30. exd5 Nxd5 31. Bc4 Nxe3 32. Kxe3 e4 33. Kxe4
Bxc3 34. Rc1 Bxb4 35. Bd5+ Kd7 36. Rb1 Bd6 37. Rxb7+ Kc8 38. Ra2 Rf8 39. g3 Rf5
40. Rc2+ Kd8 41. f4 Nd7 42. Rb5 e5 43. fxe5 Rxe5+ 44. Kf3 Nf6 45. Bc6 Re7 46.
Rb7 Bc7 47. Ra2 1-0

[Event "34. Copenhagen Open (Politiken Cup)"]
[Site "Elsinore"]
[Date "2012.07.29"]
[Round "3"]
[White "Rewitz, Poul"]
[Black "Markus, Robert"]
[Result "0-1"]
[WhiteElo "2239"]
[BlackElo "2599"]
[PlyCount "94"]
[EventDate "2012.07.28"]
[EventType "swiss"]
[EventRounds "10"]
[EventCountry "DEN"]
[Source "ChessBase"]
[SourceDate "2012.08.24"]

1. d4 Nf6 2. Nf3 g6 3. Bf4 d6 4. h3 Bg7 5. e3 O-O 6. Be2 c5 7. Nbd2 Nc6 8. O-O
Be6 9. c3 Qb6 10. b3 Nd5 11. Nc4 Qd8 12. Qd2 b5 13. Na3 b4 14. cxb4 Nxf4 15.
exf4 Nxb4 16. Rad1 Qa5 17. d5 Bxd5 18. Nc2 e6 19. a3 Nc6 20. b4 cxb4 21. axb4
Qb6 22. b5 Ne7 23. Nfd4 Bb7 24. Ne3 d5 25. Ng4 Qd6 26. Qe3 Rfe8 27. Rfe1 Nf5
28. Nxf5 exf5 29. Ne5 f6 30. Nc4 Qc7 31. b6 Qf7 32. Qc5 Bf8 33. Qb5 a6 34. Qb3
a5 35. Ne3 a4 36. Qb5 a3 37. Nxd5 Bxd5 38. Rxd5 a2 39. Rdd1 Re4 40. b7 Rb8 41.
f3 Rxb7 42. fxe4 Rxb5 43. Bxb5 Qb3 44. Bd3 Bb4 45. Rf1 fxe4 46. Ba6 Bc3 47. Kh1
Qa4 0-1